| 000 | 00735cam a2200193 4500500 | ||
|---|---|---|---|
| 005 | 20260111080334.0 | ||
| 041 | _afre | ||
| 042 | _adc | ||
| 100 | 1 | 0 |
_aPierucci, Christophe _eauthor |
| 245 | 0 | 0 | _aL’influence des institutions financières indépendantes sur la rédaction des projets de lois financiers |
| 260 | _c2019. | ||
| 500 | _a58 | ||
| 690 | _ainstitutions financières indépendantes | ||
| 690 | _alois de finances | ||
| 690 | _aprévisions macro-économiques | ||
| 690 | _aprocédure budgétaire | ||
| 786 | 0 | _nGestion & Finances Publiques | 4 | 4 | 2019-09-13 | p. 51-55 | 1969-1009 | |
| 856 | 4 | 1 | _uhttps://droit.cairn.info/revue-gestion-et-finances-publiques-2019-4-page-51?lang=fr&redirect-ssocas=7080 |
| 999 |
_c1616182 _d1616182 |
||